University Home | Library Home | Institutional Repository

Psychopathology of childhood / (Record no. 156870)

MARC details
000 -LEADER
fixed length control field 00862cam4a220024100 4500
001 - CONTROL NUMBER
control field qce02608361
005 - DATE AND TIME OF LATEST TRANSACTION
control field 20190826084100.0
008 - FIXED-LENGTH DATA ELEMENTS--GENERAL INFORMATION
fixed length control field 820128s1955 nyuac 000 0 eng d
035 ## - SYSTEM CONTROL NUMBER
System control number (Sirsi) r59137
035 ## - SYSTEM CONTROL NUMBER
System control number (QCAT)lss04956400
035 ## - SYSTEM CONTROL NUMBER
System control number (UPRA)qce02608361
040 ## - CATALOGING SOURCE
Modifying agency UPRA
060 0# - NATIONAL LIBRARY OF MEDICINE CALL NUMBER
Classification number W1
Item number PR584XN 1954
100 1# - MAIN ENTRY--PERSONAL NAME
Personal name Hoch, Paul H., 1902-
Dates associated with a name Hoch, Paul H., 1902-
Linkage A10788.1
245 10 - TITLE STATEMENT
Title Psychopathology of childhood /
Statement of responsibility, etc. ed. by Paul H. Hoch and Joseph Zubin.
260 ## - PUBLICATION, DISTRIBUTION, ETC.
Place of publication, distribution, etc. New York :
Name of publisher, distributor, etc. Grune & Stratton,
Date of publication, distribution, etc. 1955.
440 #0 - SERIES STATEMENT/ADDED ENTRY--TITLE
Title Proceedings of the annual meeting of the American Psychopathological Association ;
Volume/sequential designation 44th, 1954
Linkage S2814.1
500 ## - GENERAL NOTE
General note Reprint of 1962.
504 ## - BIBLIOGRAPHY, ETC. NOTE
Bibliography, etc. note Includes bibliographies.
700 1# - ADDED ENTRY--PERSONAL NAME
Personal name Zubin, Joseph, 1900-
Dates associated with a name Zubin, Joseph, 1900-
Linkage A10789.1
949 ## - LOCAL PROCESSING INFORMATION (OCLC)
a RC326
w lcc
i -77557
m MAIN
t BOOK
l ON-SHELF

No items available.

© 2026 - The University of Zambia Library - Koha v25.11